Fleuves de France de A-Z - Statistiques

Statistiques générales
  • Ce quiz a été pris 79 fois
  • Le résultat moyen est 8 sur 24
Statistiques - réponses
Lettre Réponse % Correct
R Rance| Rat| Reppe| Rhin| Rhône| Rizzanese| Roubaud| Roya|
96%
S Saâne| Saint-Éloi | Saint-Laurent| Saire| Scie| Scorff| Sée| Seine| Sélune| Seudre| Seulles| Sèvre Niortaise| Siagne| Sienne| Sinope| Slack| Somme|
93%
L Laïta| Lay| Léguer| Lez| Liamone| Liane| Libron| Liscu| Loire| Loup|
91%
G Gapeau| Garonne | Golo| Gouessant| Gouët| Goyen| Guillec| Guyoult|
86%
A Aa | Aber-Benoît| Aber-Ildut| Aber-Wrac'h| Adour| Agly| Arc| Argens| Arguenon| Arques| Aude| Aulne| Auray | Authie| Auzance| Aven| Ay|
66%
V Valmont| Vanlée| Var|Véret| Veules| Vidourle| Vie| Vilaine| Vincin| Vire| Vistre|
65%
M Maye| Merrien| Meuse| Minaouet| Morlaix | Moros|
53%
C Cagne| Canche| Cavo| Charente| Couesnon| Courant d'Huchet| Courant de Contis| Courant de Mimizan| Courant de Soustons| Curé|
49%
D Diélette| Dives| Divette| Dordogne | Douron| Douve| Drouet| Dun| Durdent|
46%
H Hérault| Horn| Huveaune|
35%
O Orb| Odet| Orne| Ostriconi|
34%
E Ellé| Élorn| Escaut| Étel | Eyre|
28%
B Baillaury| Banche| Bélon| Bevinco| Bidassoa | Blavet| Boivre| Boudigau| Brague| Bravona| Bresle|
11%
T Taravo| Tavignano| Tech| Têt| Thar| Touloubre| Touques| Travo| Trieux|
11%
Y Yères| Yser|
7%
N Nivelle
1%
F Falleron| Fango| Figarella| Fium'Alto| Fiumorbo| Flora| Frémur|
0%
I Ic| Isole|
0%
J Jaudy
0%
K Kerallé| Kergolo|
0%
P Paillon| Penfeld| Penzé| Pont l'Abbé| Porto| Porz Donan| Prunelli|
0%
Q Quillimadec| Quinic|
0%
U Uhabia| Untxin|
0%
W Wimereux
0%
Aucun quiz correspondant
Distribution des résultats
% des personnes avec chaque résultat
Percentile par nombre de réponses
Votre historique - résultats
Vous n’avez pas pris ce quiz